01006nam a2200241Ia 4500001001200000003000800012006001900020007001500039008004100054040002100095035002100116050002500137100002100162245012200183260005400305300001000359533015200369650003500521650003600556655002900592710001700621856012600638ebr10072148CaPaEBRm u cr cn|||||||||060508s2001 dcu s 000 0 eng d aCaPaEBRcCaPaEBR a(OCoLC)83221649914aRA395.A3bE84 2001eb1 aEtheredge, Lynn.10aOn the archeology of health care policyh[electronic resource] :bperiods and paradigms, 1975-2000 /cLynn Etheredge. aWashington D.C. :bInstitute of Medicine,cc2001. a12 p. aElectronic reproduction.bPalo Alto, Calif. :cebrary,d2009.nAvailable via World Wide Web.nAccess may be limited to ebrary affiliated libraries. 0aMedical policyzUnited States. 0aHealth planningzUnited States. 7aElectronic books.2local2 aebrary, Inc.40uhttp://site.ebrary.com/lib/rucke/Doc?id=10072148zAn electronic book accessible through the World Wide Web; click to view